Cómo escribir y publicar trabajos científicos
Сохранить в:
| Главный автор: | |
|---|---|
| Формат: | |
| Язык: | английский |
| Опубликовано: |
Washington, D.C., USA:
Organización Panamericana de la Salud,
1996
|
| Редактирование: | Segunda edición en español |
| Серии: | Publicación científica No. 558
|
| Предметы: | |
| Метки: |
Добавить метку
Нет меток, Требуется 1-ая метка записи!
|
MARC
| LEADER | 00000nam a22000007a 4500 | ||
|---|---|---|---|
| 003 | CL-VaPUC | ||
| 005 | 20231005133747.0 | ||
| 008 | 220330b1996 ||||| |||| 00| 0 eng d | ||
| 999 | |c 435200 |d 435198 | ||
| 020 | |a 9275315582 | ||
| 040 | |c Pontificia Universidad Católica de Valparaíso | ||
| 082 | 0 | 4 | |2 21 |a 808.066 DAY 1996 |
| 100 | 1 | |a Day, Robert A. |9 299241 |e autor | |
| 245 | 1 | 0 | |a Cómo escribir y publicar trabajos científicos |
| 250 | |a Segunda edición en español | ||
| 260 | |a Washington, D.C., USA: |b Organización Panamericana de la Salud, |c 1996 | ||
| 300 | |a 217 páginas | ||
| 490 | 0 | |a Publicación científica No. 558 | |
| 500 | |a C.1 Donación Familia profesor Giovanni Parodi S. Memo 02/2022. 25-03-2022 | ||
| 583 | |c 20220330 |k Catalogador Asistente | ||
| 650 | 1 | 0 | |x Redacción |9 255241 |
| 650 | 1 | |a Publicaciones científicas |x Redacción |9 868894 | |
| 942 | |2 ddc |c BK | ||
| 952 | |0 0 |1 0 |2 ddc |4 0 |6 808_066000000000000_DAY_1996 |7 0 |8 C_GPS |9 582249 |a BIBEDU |b BIBEDU |c GEN |d 2022-03-30 |e Donación |i 5650435 |o 808.066 DAY 1996 |p 5650435 |r 2022-03-30 |t 1 |w 2022-03-30 |y BK |k LIT | ||